000
00251nam a2200097Ia 4500
001
1250351
005
20251031150854.0
008
251031s9999 xx 000 0 und d
245
0
_c
KAHRAMAN TAZEOĞLU
_a
C-5 CEVAPSIZ ÇAĞRI
260
_b
DESTEK YAYINLARI
999
_c
1250351
_d
1250351